El túnel / (Registro nro. 7523)

Detalles MARC
000 -LIDER
fixed length control field 00779nam a2200277 a 4500
001 - NÚMERO DE CONTROL
Identificador de número de control 000013091
003 - IDENTIFICACDOR DE NÚMERO DE CONTROL
control field DO-SdBNP
005 - DATE AND TIME OF LATEST TRANSACTION
control field 20171002093315.0
007 - CAMPOS FIJOS DE DESCRIPCIÓN FÍSICA
fixed length control field 000013091
008 - ELEMENTOS DE LONGITUD FIJA
fixed length control field 091120s2000 dr 000 f spa d
020 ## - ISBN
International Standard Book Number 8481301337
040 ## - FUENTE DE CATALOGACIÓN
Agencia que crea de manera original el registro BPMSU
Idioma de catalogación spa
Agencia que realiza la transcripción BPMSU
082 04 - NÚMERO DE CLASIFICACIÓN DECIMAL DE DEWEY
Classification number A863.44
Item number S113t, 2000
100 1# - ASIENTO PRINCIPAL -- NOMBRE PERSONAL
Nombre personal Sábato, Ernesto,
Fechas asociadas con el nombre 1911-
245 13 - MENCIÓN DE TITULO
Título El túnel /
Mención de responsabilidad Ernesto Sábato.
260 ## - PUBLICACIÓN, DISTRIBUCIÓN, ETC. (PIE DE IMPRENTA)
Lugar de publicación, distribución, etc Santo Domingo :
Nombre del editor, distribuidor, etc. El Siglo,
Fecha de publicación, distribución, etc 2000.
300 ## - DESCRIPCIÓN FÍSICA
Extensión 126 p. ;
Dimensiones 21 cm.
490 1# - MENCIÓN DE SERIES
Mención de serie Joyas del milenio
Volume/sequential designation 13
650 #4 - ENCABEZAMIENTO DE MATERIA--TEMÁTICO
Término temático o nombre geográfico como elemento de entrada NOVELA ARGENTINA
650 #4 - ENCABEZAMIENTO DE MATERIA--TEMÁTICO
Término temático o nombre geográfico como elemento de entrada LITERATURA ARGENTINA
830 #0 - ASIENTO SECUNDARIO DE SERIE--TÍTULO UNIFORME
Título uniforme Joyas del milenio;
Volume number/sequential designation 13
910 ## - VALIDACIÓN
Validación Validado. Control de calidad MFF
942 ## - ADDED ENTRY ELEMENTS (KOHA)
Source of classification or shelving scheme Dewey Decimal Classification
Koha item type Libros
945 ## - INFORMACIÓN DE PROCESAMIENTO LOCAL
Información de procesamiento local Inventariado / 2017 VM
956 ## - LOCAL ELECTRONIC LOCATION AND ACCESS (OCLC)
Nombre de host VMATEO
Número de acceso 10
Información de compresión 20150722
Inicio de sesión BPMSU
Procesador de solicitud 00151
Existencias
Withdrawn status Lost status Source of classification or shelving scheme Damaged status Not for loan Collection code Home library Current library Date acquired Source of acquisition Total Checkouts Full call number Barcode Date last seen Price effective from Koha item type Copy number
    Dewey Decimal Classification     Colección Dominicana Biblioteca Pública Metropolitana Salomé Ureña Biblioteca Pública Metropolitana Salomé Ureña 02/26/2015 FUNDI   A863.44 S113t 2000 BPMSU15040210 02/26/2015 02/26/2015 Libros  
    Dewey Decimal Classification     Colección Dominicana Biblioteca Pública Metropolitana Salomé Ureña Biblioteca Pública Metropolitana Salomé Ureña 02/26/2015 FUNDI   A863.44 S113t 2000 BPMSU15040211 02/26/2015 02/26/2015 Libros e. 2
    Dewey Decimal Classification     Colección Dominicana Biblioteca Pública Metropolitana Salomé Ureña Biblioteca Pública Metropolitana Salomé Ureña 02/26/2015 FUNDI   A863.44 S113t 2000 BPMSU15040212 02/26/2015 02/26/2015 Libros e. 3